| 000 | 00000nam##2200000za#4500 |
| 001 | 9.663742 |
| 003 | CaOODSP |
| 005 | 20210615121208 |
| 007 | ta |
| 008 | 150407|2002||||xxc||||| f|0| 0 fre|d |
| 020 | |a0-662-66566-X |
| 040 | |aCaOODSP|bfre |
| 041 | |aeng |
| 041 | |afre |
| 043 | |an-cn--- |
| 086 | 1 |aCP22-65/2002 |
| 110 | 1 |aCanada.|bConseil privé. |
| 245 | 13|aLe guide du ministre et du secrétaire d'État |
| 260 | |bConseil privé |c2002. |
| 300 | |a45p. : |bréférences ; |c24 cm. |
| 520 | 3 |aCe guide offre en introduction un message du Premier ministre Jean Chrétien. On y explique les responsabilités et les obligations des ministres (nommés à des portefeuilles du Cabinet) et des secrétaires d’État (désignés comme adjoints aux ministres). Le guide vise à promouvoir le fonctionnement responsable et transparent de l’appareil gouvernemental, et à maintenir la confiance du public à l’endroit du gouvernement. Il décrit le rôle d’autres responsables, p. ex. les sous-ministres et les ministres d’État, et d’organismes gouvernementaux comme le Cabinet du Premier ministre et le Conseil privé. On y explique également le processus de prise de décisions au Cabinet. |
| 563 | |aCouverture souple |
| 590 | |a02-30|b2002-07-26 |
| 691 | 07|aMinistre|2gcpds |
| 691 | 07|aServices administratifs|2gcpds |
| 776 | 0#|tLe guide du ministre et du secrétaire d'état |w(CaOODSP)9.639895 |
| 776 | 0#|tA guide for ministers and secretaries of state |w(CaOODSP)9.695773 |
| 791 | |tA guide for ministers and secretaries of state |eeng|w(CaOODSP)9.663741 |